Les Meilleurs buteurs de l'Euro 2024 - Statistiques

Statistiques générales
  • Ce quiz a été pris 68 fois
    39 depuis la dernière actualisation
  • Le résultat moyen est 8 sur 16
Statistiques - réponses
Buts Équipe Joueur % Correct
3 Angleterre Harry Kane
84%
3 Géorgie Georges Mikautadze
72%
3 Allemagne Jamal Musiala
72%
2 Angleterre Jude Bellingham
69%
3 Pays-Bas Cody Gakpo
59%
2 Espagne Nico Williams
59%
3 Espagne Dani Olmo
56%
2 Allemagne Florian Wirtz
56%
2 Allemagne Kai Havertz
47%
2 Allemagne Niclas Füllkrug
47%
2 Espagne Fabián Ruiz
41%
2 Turquie Merih Demiral
28%
2 Suisse Breel Embolo
22%
3 Slovaquie Ivan Schranz
19%
2 Pays-Bas Donyell Malen
16%
2 Roumanie Răzvan Marin
6%
Aucun quiz correspondant
Distribution des résultats
% des personnes avec chaque résultat
Percentile par nombre de réponses
Votre historique - résultats
Vous n’avez pas pris ce quiz depuis la dernière actualisation